Diagnostic literacy assessments and instructional strategies : a literacy specialist's resource /

Bibliographic Details
Main Author: McAndrews, Stephanie L., 1964-
Format: Book
Language:English
Published: Newark, DE : International Reading Association, [2008]
Subjects:

MARC

Tag First Indicator Second Indicator Subfields
LEADER 00000cam a22000004a 4500
001 in00002428014
005 20151109171129.0
008 080430s2008 deua b 001 0 eng
010 |a  2008019084 
020 |a 9780872076082 
020 |a 0872076083 
035 |a (OCoLC)ocn227002102 
035 |a (OCoLC)227002102 
040 |a DLC  |c DLC  |d YDX  |d BTCTA  |d YDXCP  |d UtOrBLW 
049 |a TXAM 
050 0 0 |a LB1576  |b .M39716 2008 
082 0 0 |a 372.6/044  |2 22 
100 1 |a McAndrews, Stephanie L.,  |d 1964- 
245 1 0 |a Diagnostic literacy assessments and instructional strategies :  |b a literacy specialist's resource /  |c Stephanie L. McAndrews. 
264 1 |a Newark, DE :  |b International Reading Association,  |c [2008] 
264 4 |c ©2008 
300 |a xviii, 350 pages :  |b illustrations ;  |c 28 cm. 
336 |a text  |b txt  |2 rdacontent 
337 |a unmediated  |b n  |2 rdamedia 
338 |a volume  |b nc  |2 rdacarrier 
504 |a Includes bibliographical references (pages 333-340) and index. 
650 0 |a Language arts  |x Ability testing. 
650 0 |a Literacy  |x Evaluation. 
650 0 |a Lesson planning. 
938 |a Baker and Taylor  |b BTCP  |n 2008019084 
938 |a YBP Library Services  |b YANK  |n 2872934 
945 |a PromptCat  |b 544591 
946 |a stk 
947 |a A14836663304 
994 |a 92  |b TXA 
948 |a cataloged  |b h  |d 2008/11/6  |h c  |e asalazar  |f 10:58:12 am 
999 |a MARS 
999 f f |s 50c1cfdd-d329-372d-ac70-2eb44ef19f28  |i 53c9b2ae-277f-35d8-88ac-892127c641f6  |t 0 
952 f f |p normal  |a Texas A&M University  |b College Station  |c Sterling C. Evans Library  |d Evans: Library Stacks  |t 0  |e LB1576 .M39716 2008  |h Library of Congress classification  |i unmediated -- volume  |m A14836663304 
998 f f |a LB1576 .M39716 2008  |t 0  |l Evans: Library Stacks